000 00892cam a2200277 4500
001 3610-35
008 000000n2000 000 0 eng u
035 _a(Sirsi) u104676
245 _aProperty fund management
260 _c2000
490 _aFinancial Times
_v8 March 2000 (6) LOAN
520 _aA Financial Times Survey on property fund management, including benchmarks, limited partnerships, direct and indirect investment, taxation, property derivatives, e-commerce and international diversification.
590 _aWB
650 _aPROPERTY FUND MANAGEMENT
650 _aDIVERSIFICATION
650 _aTAXATION
650 _aE-COMMERCE
650 _aLIMITED PARTNERSHIPS
650 _aDIRECT INVESTMENT
650 _aINDIRECT INVESTMENT
650 _aBENCHMARKS
650 _aPROPERTY DERIVATIVES
650 _aFEE STRUCTURES
690 _aINVESTMENT
942 _n0
999 _c62804
_d62804